| 000 | 01369nam a2200373 c 4500 | ||
|---|---|---|---|
| 001 | 18617 | ||
| 003 | ES-MaCES | ||
| 005 | 20150929135821.0 | ||
| 007 | cr ||||||||||| | ||
| 008 | 060324s2006 sp rt u000 | spa d | ||
| 035 | _aCES20060002709m | ||
| 040 |
_aES-MaCES _bspa _cES-MaCES |
||
| 245 | 0 | 0 |
_aDiálogo social 2004 _hRecurso electrónico _b: competitividad, empleo estable y cohesión social : Acuerdo de formación profesional para el empleo _c[suscrito por el Ministerio de Trabajo y Asuntos Sociales y los interlocutores sociales] |
| 260 |
_aMadrid _bs.n.] _c2006 |
||
| 300 |
_a1 documento pdf _c(2,05 mb) |
||
| 541 | _cGratuito | ||
| 650 | 4 |
_aformación profesional _927394 |
|
| 650 | 4 |
_aempleo _928299 |
|
| 650 | 4 |
_aconcertación tripartita _930936 |
|
| 650 | 4 |
_acompetitividad _928270 |
|
| 650 | 4 |
_aseguridad en el empleo _928301 |
|
| 650 | 4 |
_acohesión social _930743 |
|
| 650 | 4 |
_aEspaña _926964 |
|
| 650 | 4 |
_aacuerdo económico _927961 |
|
| 650 | 4 |
_a2004 _931739 |
|
| 650 | 4 |
_atexto _929624 |
|
| 653 | 1 | 0 | _aEducación |
| 650 | 4 |
_930664 _aconcertación social |
|
| 710 | 1 |
_aEspaña _bMinisterio de Trabajo y Asuntos Sociales _93273 |
|
| 856 | 4 |
_uhttp://biblioteca.ces.es/repintra/47-21414.pdf _ytexto completo _z[intranet] |
|
| 902 | _aELE PUB. ELECTRONICA | ||
| 942 |
_2CES _cBK _h4.0. |
||
| 999 |
_c18617 _d18617 |
||